[Event "IECC P-4039"]
[Site "IECC email"]
[Date "2005.11.11"]
[Round "?"]
[White "Baznik Wilson, Anthony J"]
[Black "Majere, Raistlin"]
[Result "0-1"]
[WhiteElo "774"]
[BlackElo "1124"]
[PlyCount "48"]
[EventDate "2005.??.??"]
[EventType "tourn (corr)"]
[EventRounds "1"]
[SourceTitle "Corr 2008"]
[Source "ChessBase"]
[SourceDate "2008.06.24"]
[SourceVersion "1"]
[SourceVersionDate "2008.06.24"]
[SourceQuality "1"]

1. e4 c5 2. Nf3 d6 3. Bb5+ Bd7 4. Nc3 Nc6 5. d4 cxd4 6. Nxd4 g6 7. Nxc6 bxc6 8. Bc4 Bg7 9. 0-0 Nf6 10. Bf4 0-0 11. Rb1 Rb8 12. Qd2 Rb4 13. b3 Qa5 14. a4 Rb7 15. Rfd1 Qb4 16. Qd3 Ng4 17. Ba6 Rb6 18. Bb5 Bxc3 19. Qc4 cxb5 20. Qc7 Bd4 21. Qxd7 Nxf2 22. Rd2 Nxe4+ 23. Kf1 Nxd2+ 24. Bxd2 Qxd2 0-1

[Event "P-3560"]
[Site "IECC email"]
[Date "2003.12.04"]
[Round "?"]
[White "Majere, Raistlin"]
[Black "Ostby, Frederick"]
[Result "0-1"]
[WhiteElo "1100"]
[BlackElo "1061"]
[PlyCount "104"]
[EventDate "2003.??.??"]
[EventType "tourn (corr)"]
[SourceTitle "Corr 2020"]
[Source "ChessBase"]
[SourceDate "2019.09.30"]
[SourceVersion "1"]
[SourceVersionDate "2019.09.30"]
[SourceQuality "1"]
[WhiteTeam "Australia"]
[BlackTeam "United States"]
[WhiteTeamCountry "AUS"]
[BlackTeamCountry "USA"]

1. e4 e5 2. Nf3 Nc6 3. Bb5 a6 4. Ba4 Nf6 5. 0-0 Be7 6. Re1 b5 7. Bb3 0-0 8. c3 d6 9. h3 Na5 10. Bc2 c5 11. d4 Qc7 12. Nbd2 Bd7 13. Nf1 Nc4 14. Qe2 h6 15. d5 Nb6 16. b3 c4 17. Ba3 cxb3 18. axb3 Qxc3 19. Ne3 b4 20. Bxb4 Qxb4 21. Rxa6 Rxa6 22. Qxa6 Ra8 23. Qd3 Ra2 24. Qd2 Qxd2 25. Nxd2 Bb5 26. Nb1 Ra1 27. g3 Nbd7 28. f3 Bd8 29. Nf5 Bb6+ 30. Kh1 Bc5 31. g4 Nh7 32. Rc1 Ng5 33. Kg2 Be2 34. Nh4 g6 35. Re1 Bb5 36. Kg3 Ra2 37. b4 Bd4 38. Rc1 Be3 39. Nc3 Bf4+ 40. Kf2 Rb2 41. Nxb5 Bxc1 42. Ke2 Rxc2+ 43. Kd1 Rh2 44. Kxc1 Rxh3 45. Nf5 gxf5 46. exf5 Rxf3 47. Nxd6 Rd3 48. Kc2 Rxd5 49. Nc4 Rd4 50. Kb3 Ne4 51. Na5 Nd6 52. Nc6 Rxg4 0-1